| 000 | 00362nam a22001457a 4500 | ||
|---|---|---|---|
| 999 |
_c16305 _d16305 |
||
| 003 | OSt | ||
| 008 | 200820b ||||| |||| 00| 0 eng d | ||
| 020 | _a9788122413809 | ||
| 082 |
_a665.776 _bNIJ/BI |
||
| 100 |
_aNijaguna, B.T. _94680 |
||
| 245 | _aBiogas Technology | ||
| 260 |
_aNew Delhi _bNew Age International Publishers _c2009 |
||
| 300 | _a287 | ||
| 942 | _cBK | ||